000 00679nam a2200277Ia 4500
005 20260324113653.0
008 008 260324s9999 xx 000 0 eng d
020 _a9781003403524
037 _aEBOOK
040 _aCRL
040 _beng
040 _cCRL
041 _2eng
041 _aeng
084 _qCRL
100 _aBrad Sayer; James Guthrie; John Dumay; Laura Corazza
_91147706
245 0 _aMaking Sense of Stakeholder Management
260 _bTaylor and Francis
260 _c2023
365 _a
365 _b220
856 _uhttp://www.taylorfrancis.com/books/9781003403524
942 _cEBOOK
999 _c1737483
_d1737483